Psychology Around the World (Record no. 70)

000 -LEADER
fixed length control field 00320 a2200109 4500
082 ## - DEWEY DECIMAL CLASSIFICATION NUMBER
Classification number 150 SEX
100 ## - MAIN ENTRY--PERSONAL NAME
Personal name Sexton, Virginia Staudt
245 ## - TITLE STATEMENT
Title Psychology Around the World
Statement of responsibility, etc. Virginia Staudt Sexton, Henry K Misiak
260 ## - PUBLICATION, DISTRIBUTION, ETC.
Place of publication, distribution, etc. Islamabad
Name of publisher, distributor, etc. National Book Foundation,
300 ## - PHYSICAL DESCRIPTION
Extent viii, 470p. :
Dimensions 25 cm
650 ## - SUBJECT ADDED ENTRY--TOPICAL TERM
Topical term or geographic name entry element Psychology
Holdings
Withdrawn status Lost status Source of classification or shelving scheme Damaged status Not for loan Permanent Location Current Location Date acquired Total Checkouts Full call number Barcode Date last seen Price effective from Koha item type
          Institute of Environmental Science and Engineering (IESE) Institute of Environmental Science and Engineering (IESE) 12/07/2016   150 SEX IESE-1620 12/07/2016 12/07/2016 Book
          Institute of Environmental Science and Engineering (IESE) Institute of Environmental Science and Engineering (IESE) 12/07/2016   150 SEX IESE-1621 12/07/2016 12/07/2016 Book
© 2023 Central Library, National University of Sciences and Technology. All Rights Reserved.